Aux origines de pharaon /
مؤلفون مشاركون: ,
مؤلفون آخرون: ,
التنسيق: كتاب
اللغة: French
منشور في:
[Treignes] :
Éditions du CEDARC,
2009.
سلاسل:
Guides archéologiques du Malgré-Tout.
الموضوعات:
الوسوم: إضافة وسم
رقم الطلب: DT59 .T82 2009
| LEADER | 01340namaa2200337 4500 | ||
|---|---|---|---|
| 001 | 16157 | ||
| 003 | OSt | ||
| 005 | 20220129101909.0 | ||
| 008 | 130303s2009 fr ab g bc 000 0 fre d | ||
| 952 | |0 0 |1 0 |2 lcc |4 0 |6 DT0059 T82 02009 |7 1 |9 32669 |a ARCE |b ARCE |d 2022-01-29 |l 0 |o DT59 .T82 2009 |p 1006481 |r 2022-01-29 00:00:00 |w 2022-01-29 |y BK | ||
| 999 | |c 16308 |d 16308 | ||
| 020 | |a 2871490635 | ||
| 040 | 4 | |c ARCE Library | |
| 043 | |a f-ua--- | ||
| 050 | 4 | |a DT59 .T82 2009 | |
| 245 | 1 | 0 | |a Aux origines de pharaon / |c Gaëlle Bréand ... [et al.] ; édité par Nathalie Bozet. |b |
| 264 | 1 | |a [Treignes] : |b Éditions du CEDARC, |c 2009. | |
| 300 | |a 175 pages : |b illustrations (some color), maps ; |c 25 cm. | ||
| 490 | 0 | |a Guides archéologiques du Malgré-Tout. | |
| 500 | |a "Exposition conçue par le Musée des tumulus de Bougon, revue et présentée par le Musée du malgré-tout à Treignes"--Title page verso. | ||
| 501 | |a | ||
| 504 | |a Bibliography : pages 170-174. | ||
| 651 | 0 | |a Egypt |x Antiquities |v Exhibitions. | |
| 651 | 0 | |a Egypt |x History |y To 332 B.C. |v Exhibitions. | |
| 651 | 0 | |a Egypt |x Civilization |y To 332 B.C. |v Exhibitions. | |
| 700 | 1 | |a Bréand, Gaëlle, |9 27244 | |
| 700 | 1 | |a Bozet, Nathalie. |9 27186 | |
| 710 | 2 | |a Musée des tumulus de Bougon. | |
| 710 | 2 | |a Musée du malgré-tout. | |
| 901 | |a reviewed | ||
| 942 | |c BK |2 lcc | ||
